000 00570nam a22002057a 4500
999 _c8082
_d8082
003 BD-JhCC
005 20191214133654.0
008 180218b1977 bg ||||| |||| 00| 0 bg d
035 _a(BD-JhCC)
040 _aBD-JhCC
_dBD-JhCC
041 _abg
082 _a491.4415
_bCOU 1977
100 _aচৌধুরী, সিরাজুল হক
245 _aআত্মশুদ্বি /
_cসিরাজুল হক চৌধুরী
260 _aঢাকা :
_c1977
300 _a63 p. :
_c20 cm.
650 _apoetry
942 _2ddc
_cBK